000
00467nam a2200133Ia 4500
008
100328s9999 xx 000 0 und d
082
_b
66020
100
_a
माडगूळकर ग.दि.
245
_a
वाटेवरल्या सावल्या.
260
_b
विश्वमोहिनी.
630
_a
वाटेवरल्या सावल्या.
730
_a
वाटेवरल्या सावल्या.
942
_c
BOOK
999
_c
551765
_d
551762